000 00337 a2200169 4500
001 191392
020 _a85-325-2006-5
040 _cMagnum
100 _aBetto, Frei
240 1 0 _aA mosca azul
_lpor
245 1 0 _aA mosca azul
300 _a317
362 0 _a2006
440 1 _aRocco
697 _aLITERATURA JUVENIL
942 _cBK
999 _c191392
_d191392